Crisis económica y lucha popular/

保存先:
書誌詳細
第一著者: Ramírez, Francisco
その他の著者: Gamboa, Francisco
フォーマット: テキスト
出版事項: San José: Editorial Presbere
タグ: タグ追加
タグなし, このレコードへの初めてのタグを付けませんか!

MARC

LEADER 00000 a a2200000 04500
001 15267
003
040
090 |a 018300  
100 |a Ramírez, Francisco  
245 |a Crisis económica y lucha popular/   |c Francisco Ramírez 
260 |a San José:   |b Editorial Presbere  
300 |a 48 p.  
700 |a Gamboa, Francisco  
999 |c 16035  |d 16035